Online
Catalog
Normal view MARC view

Entry Nombre personal

Number of records used in: 11

001 - NÚMERO DE CONTROL

  • campo de control: 85376

003 - IDENTIFICADOR DEL NÚMERO DE CONTROL

  • campo de control: DO-SdBNP

005 - FECHA Y HORA DE LA ÚLTIMA TRANSACCIÓN

  • campo de control: 20240503145231.0

008 - DATOS DE LONGITUD FIJA

  • campo de control de longitud fija: 240503|| aca||aabn | a|a d

040 ## - FUENTE DE LA CATALOGACIÓN

  • Centro catalogador/agencia de origen: DO-SdBNP
  • Centro/agencia transcriptor: DO-SdBNP

100 ## - ENCABEZAMIENTO-NOMBRE DE PERSONA

  • Nombre de persona: Lantigua, José Rafael

670 ## - FUENTE DE DATOS ENCONTRADOS

  • Cita de la fuente: Work cat.: (DO-SdBNP)52125: Jaime Julia, Julio, 1922-1993 20185 autor, Notas para la historia de Moca /

Powered by Koha